000 00585cam a22002053a 4500
001 41573
003 PGUSA
005 20140828083935.0
008 121207s2012||||xxu|||||s|||||000 | eng d
040 _aPGUSA
_beng
042 _adc
100 1 _aStoddard, Charles Warren,
_d1843-1909
245 1 0 _aSouth-Sea Idyls
_h[electronic resource] /
_cCharles Warren Stoddard
260 _bProject Gutenberg,
_c2012
506 _aPublic domain in the USA.
516 _aElectronic text
830 0 _aProject Gutenberg
_v41573
856 4 0 _uhttp://www.gutenberg.org/ebooks/41573
942 _cEB
999 _c270825
_d270825